000 00397nam a2200145Ia 4500
008 230917s9999||||xx |||||||||||||| ||und||
040 _e201040
_aMAIN
041 _aEnglish
082 _a709.54 S19F
100 _aShanti Swarup
245 0 _aFive thousand years of arts and crafts in India and Pakistan: A survey
260 _aBombay
_bD B Taraporevala
_c1968
300 _a272 p.
942 _cBK
999 _c167413
_d167413